000 00482nam a22001577a 4500
005 20250329085340.0
008 250329b |||||||| |||| 00| 0 eng d
020 _a9780825420269
050 _aBR127
_b.B52 BIB
245 _aBiblical Faith and Other Religion:
_bAn Evangelical Assessment/
_cEdited by; David W. Baker
260 _aGrand Rapids
_bKregel Publications
_c2004
300 _a176p.
_c20 cm
650 _2Theology
700 _aBaker David W. (editor)
942 _2lcc
_cBK
_n0
999 _c5326
_d5326